Television Cakes Quiz Stats

Quiz Updated Jul 15, 2015

Also try: Movie Cakes
Challenge
Share
Tweet
Score 0/20 Timer 05:00
4 Plays Today
% Correct
The Simpsons
99.7%
South Park
96.8%
Sesame Street
95.2%
Teenage Mutant Ninja Turtles
92.3%
Breaking Bad
90.5%
Friends
88%
The Muppet Show
87.5%
The Big Bang Theory
86.1%
Glee
84.5%
Doctor Who
83.6%
% Correct
Game of Thrones
83.1%
Futurama
79.6%
King of the Hill
79%
Orange is the New Black
77.2%
The A-Team
76.4%
Dexter
71.1%
Mad Men
63%
Seinfeld
61.6%
Pretty Little Liars
60.7%
The Office
44.8%

You're not logged in!

Compare scores with friends on all Sporcle quizzes.
Join for Free
OR
Log In

You Might Also Like...

Show Comments

Extras

Top Quizzes Today


Score Distribution

Your Account Isn't Verified!

In order to create a playlist on Sporcle, you need to verify the email address you used during registration. Go to your Sporcle Settings to finish the process.

Report this User

Report this user for behavior that violates our Community Guidelines.

Details: